000
00306nam a22001337a 4500
020
_a
978-0-2413-6574-8
082
_a
403
_b
SAR/S
100
_a
CRUDDAS, SARAH
245
_a
FINDOUT! SOLAR SYSTEM
260
_a
LONDON
_b
DK LIMITED
_c
2018
300
_a
64
650
_a
SCIENCE ENCYCLOPEDIA
_z
INDIA
942
_c
BK
999
_c
1795
_d
1795